书目信息 |
| 题名: |
多媒体CD-ROM原理及其制作
|
|
| 作者: | 马晓雪 译 | |
| 分册: | ||
| 出版信息: | 北京 学苑出版社 1994 |
|
| 页数: | 221页 | |
| 开本: | 26cm | |
| 丛书名: | 计算机实用技术系列丛书 | |
| 单 册: | ||
| 中图分类: | TP391 | |
| 科图分类: | ||
| 主题词: | ||
| 电子资源: | ||
| ISBN: | 7-5077-0806-3 | |
| 000 | 00579nam0 2200193 45 | |
| 001 | 0199008355 | |
| 005 | 20070110164009.71 | |
| 010 | @a7-5077-0806-3@dCNY 27.00 | |
| 100 | @a19990804d1994 km y0chiy0120 ea | |
| 101 | 0 | @achi |
| 200 | 1 | @Aduo mei ti CD-ROM yuan li ji qi zhi zuo@Fma xiao xue yi@a多媒体CD-ROM原理及其制作@f马晓雪译 |
| 210 | @a北京@c学苑出版社@d1994 | |
| 215 | @a221页@c无图表@d26cm | |
| 225 | 2 | @a计算机实用技术系列丛书 |
| 410 | 0 | @12001 @a计算机实用技术系列丛书 |
| 690 | @aTP391 | |
| 701 | 0 | @a马晓雪@Ama xiao xue@4译 |
| 801 | 0 | @c20070110 |
| 905 | @dTP391@eM902@f2 | |
| 多媒体CD-ROM原理及其制作/马晓雪译.-北京:学苑出版社,1994 |
| 221页:无图表;26cm.-(计算机实用技术系列丛书) |
| ISBN 7-5077-0806-3:CNY 27.00 |
| ● |
| 相关链接 |
|
|
|
正题名:多媒体CD-ROM原理及其制作
索取号:TP391/M902
 
预约/预借
| 序号 | 登录号 | 条形码 | 馆藏地/架位号 | 状态 | 备注 |
| 1 | 444861 | 204448614 | 期刊室512/301自科库 60排3列1层/ [索取号:TP391/M902] | 在馆 |